000 01585nam a2200373 i 4500
001 768714001
003 CO-MdFUSB
005 20250801105952.0
007 ta
008 190529t2020 ck a|||g |||| 00| 0 spa d
020 _a9789585315044
040 _aCO-MdFUSB
_bspa
_cCO-MdFUSB
_dCO-MdFUSBC
_erda
041 _aspa
082 _224
_a261
_bF288sal
245 1 0 _aConcientización sobre el trauma y la recuperación para la comunidad cristiana
_b: currículo para personas en situación de desplazamiento
_c/ Lisseth Rojas-Flores, Tommy Givens , Josephine Hwang Koo , Francis Alexis Pineda González.
264 1 _aMedellín, Colombia :
_bPublicaciones SBC,
_c[2020]
264 4 _c©2020
300 _a163 páginas ;
_c28 cm ;
_bilustraciones
336 _2rdacontent
_atexto
_btxt
337 _2rdamedia
_asin mediación
_bn
338 _2rdacarrier
_avolumen
_bnc
490 1 _aFe y desplazamiento
505 _aIntroducción al material -- Introducción -- Fundamentos -- Prácticas -- El perdón -- La restauración -- Confrontar -- Testimonio y celebración -- Certificado -- Información sobre el proyecto de Fe y Desplazamiento
563 _aRústico
650 0 _91177
_aIglesia y problemas sociales
700 _95659
_aRojas Flores, Lisseth,
_eautor
700 _95660
_aGivens, Tommy,
_eautor
700 _95661
_aHwang Koo, Josephine
_eautor
700 _95662
_aPineda González, Francis Alexis,
_eautor
830 _aFe y desplazamiento
_p: Salud mental
856 _uhttps://repositorio.repci.co/handle/123456789/296
942 _cBK
945 _aJTF-925
999 _c66888
_d66888